000 00490nam a2200145Ia 4500
008 230917s9999||||xx |||||||||||||| ||und||
040 _e165001
_aMAIN
041 _aEnglish
082 _a81.509 पं744गुःपं
100 _aगुप्त, श्याम
245 0 _aपंत की छंद-योजना का शास्त्रीय अध्ययन
260 _aअलीगढ़
_bग्रन्थायन
_c1985
300 _a346पृ. p.
942 _cHN
999 _c48717
_d48717